[Event "EUR-ch Seniors 50"]
[Site "Prague"]
[Date "2021.09.07"]
[Round "9.1"]
[White "Svanda, Pavel"]
[Black "Vrbata, Zbynek"]
[Result "1/2-1/2"]
[WhiteElo "2081"]
[BlackElo "2339"]
[PlyCount "40"]
[EventDate "2021.08.30"]
[EventType "team-tourn"]
[EventRounds "9"]
[EventCountry "CZE"]
[SourceTitle "CBM 204 Extra"]
[Source "ChessBase"]
[SourceDate "2021.11.30"]
[SourceVersion "1"]
[SourceVersionDate "2021.11.30"]
[SourceQuality "1"]
[WhiteTeam "Vysocina KSS 50"]
[BlackTeam "1960 69 50"]
[WhiteTeamCountry "CZE"]
[BlackTeamCountry "CZE"]

1. e4 e6 2. d4 d5 3. Nd2 Nf6 4. e5 Nfd7 5. Bd3 c5 6. c3 b6 7. Ndf3 Ba6 8. Bg5 Qc8 9. Ne2 Bxd3 10. Qxd3 c4 11. Qc2 h6 12. Bd2 Nc6 13. b4 cxb3 14. axb3 b5 15. Qd3 a6 16. 0-0 Nb6 17. Bc1 Qb7 18. Nd2 Be7 19. Qg3 g6 20. h4 h5 1/2-1/2

[Event "CZE-chT1W 1920"]
[Site "Czech Republic"]
[Date "2020.01.19"]
[Round "6.4"]
[White "Vrbata, Zbynek"]
[Black "Sharashenidze, Akaki"]
[Result "1/2-1/2"]
[WhiteElo "2353"]
[BlackElo "2373"]
[PlyCount "23"]
[EventDate "2019.10.20"]
[EventType "team-tourn"]
[EventRounds "11"]
[EventCountry "CZE"]
[SourceTitle "CBM 194 Extra"]
[Source "ChessBase"]
[SourceDate "2020.03.31"]
[SourceVersion "1"]
[SourceVersionDate "2020.03.31"]
[SourceQuality "1"]
[WhiteTeam "Unichess"]
[BlackTeam "Line"]
[WhiteTeamCountry "CZE"]
[BlackTeamCountry "CZE"]

1. d4 Nf6 2. c4 e6 3. Nc3 Bb4 4. Nf3 b6 5. Bg5 Bb7 6. e3 h6 7. Bh4 0-0 8. Bd3 c5 9. 0-0 Bxc3 10. bxc3 d6 11. Nd2 Nbd7 12. f4 1/2-1/2

[Event "CZE-chT 1920"]
[Site "Czech Republic"]
[Date "2019.12.01"]
[Round "4.5"]
[White "Vrbata, Zbynek"]
[Black "Rosko, Lubos"]
[Result "1/2-1/2"]
[WhiteElo "2353"]
[BlackElo "2317"]
[PlyCount "26"]
[EventDate "2019.10.12"]
[EventType "team-tourn"]
[EventRounds "11"]
[EventCountry "CZE"]
[SourceTitle "CBM 193 Extra"]
[Source "ChessBase"]
[SourceDate "2020.01.31"]
[SourceVersion "1"]
[SourceVersionDate "2020.01.31"]
[SourceQuality "1"]
[WhiteTeam "Unichess"]
[BlackTeam "Pardubice"]
[WhiteTeamCountry "CZE"]
[BlackTeamCountry "CZE"]

1. d4 Nf6 2. c4 c5 3. d5 e6 4. Nc3 exd5 5. cxd5 d6 6. Nf3 g6 7. Nd2 Bg7 8. e4 0-0 9. Be2 a6 10. a4 Re8 11. 0-0 Nbd7 12. Qc2 Ne5 13. h3 g5 1/2-1/2

[Event "CZE-chT1W 1920"]
[Site "Czech Republic"]
[Date "2019.11.24"]
[Round "3.5"]
[White "Rasik, Vitezslav"]
[Black "Vrbata, Zbynek"]
[Result "1/2-1/2"]
[WhiteElo "2470"]
[BlackElo "2353"]
[PlyCount "54"]
[EventDate "2019.10.20"]
[EventType "team-tourn"]
[EventRounds "11"]
[EventCountry "CZE"]
[SourceTitle "CBM 193 Extra"]
[Source "ChessBase"]
[SourceDate "2020.01.31"]
[SourceVersion "1"]
[SourceVersionDate "2020.01.31"]
[SourceQuality "1"]
[WhiteTeam "Neratovice"]
[BlackTeam "Unichess"]
[WhiteTeamCountry "CZE"]
[BlackTeamCountry "CZE"]

1. e4 e6 2. d3 d5 3. Nd2 c5 4. Ngf3 Nc6 5. g3 Bd6 6. Bg2 Nge7 7. 0-0 0-0 8. Re1 Qc7 9. Qe2 f6 10. c3 Bd7 11. Nb3 Rfe8 12. Bd2 a6 13. Rad1 Rac8 14. d4 cxd4 15. cxd4 dxe4 16. Qxe4 Nd5 17. Rc1 Rcd8 18. Nc5 Bc8 19. Bh3 Bxc5 20. Rxc5 Qd6 21. Rec1 Bd7 22. a3 Rc8 23. Bf1 Nce7 24. Bd3 g6 25. h4 Bc6 26. Qe2 Nf5 27. b4 Nc7 1/2-1/2

[Event "EU-Cup 35th"]
[Site "Ulcinj"]
[Date "2019.11.15"]
[Round "6.16"]
[White "Vrbata, Zbynek"]
[Black "Delchev, Aleksander"]
[Result "0-1"]
[WhiteElo "2353"]
[BlackElo "2561"]
[PlyCount "74"]
[EventDate "2019.11.10"]
[EventType "team-swiss"]
[EventRounds "7"]
[EventCountry "MNE"]
[SourceTitle "CBM 193 Extra"]
[Source "ChessBase"]
[SourceDate "2020.01.31"]
[SourceVersion "1"]
[SourceVersionDate "2020.01.31"]
[SourceQuality "1"]
[WhiteTeam "Unichess"]
[BlackTeam "Asnieres"]
[WhiteTeamCountry "CZE"]
[BlackTeamCountry "FRA"]

1. d4 d5 2. c4 e6 3. Nc3 c6 4. e3 Nf6 5. Nf3 Nbd7 6. Be2 Bd6 7. 0-0 0-0 8. c5 Bc7 9. b4 e5 10. dxe5 Nxe5 11. Bb2 Qe7 12. Na4 Nxf3+ 13. Bxf3 Ne4 14. Qd4 f5 15. g3 Bd7 16. a3 Rf6 17. Rad1 Qf7 18. Nc3 Re8 19. Qd3 Rh6 20. Ne2 Ng5 21. Bg2 Qh5 22. h4 Nf3+ 23. Bxf3 Qxf3 24. Nf4 g5 25. Qe2 Qxe2 26. Nxe2 gxh4 27. Kg2 hxg3 28. Nxg3 f4 29. exf4 Bh3+ 30. Kf3 Rh4 31. Ne2 h5 32. Rfe1 Rg4 33. Be5 Bxe5 34. fxe5 Rf8+ 35. Ke3 Re4+ 36. Kd3 Rf3+ 37. Kd2 Rxf2 0-1

[Event "EU-Cup 35th"]
[Site "Ulcinj"]
[Date "2019.11.12"]
[Round "3.15"]
[White "Djukic, Nikola"]
[Black "Vrbata, Zbynek"]
[Result "1-0"]
[WhiteElo "2507"]
[BlackElo "2353"]
[PlyCount "53"]
[EventDate "2019.11.10"]
[EventType "team-swiss"]
[EventRounds "7"]
[EventCountry "MNE"]
[SourceTitle "CBM 193 Extra"]
[Source "ChessBase"]
[SourceDate "2020.01.31"]
[SourceVersion "1"]
[SourceVersionDate "2020.01.31"]
[SourceQuality "1"]
[WhiteTeam "Buducnost"]
[BlackTeam "Unichess"]
[WhiteTeamCountry "MNE"]
[BlackTeamCountry "CZE"]

1. e4 e6 2. d4 d5 3. Nc3 Bb4 4. e5 c5 5. a3 Bxc3+ 6. bxc3 Ne7 7. Qg4 Qc7 8. Bd3 cxd4 9. Ne2 dxc3 10. Qxg7 Rg8 11. Qxh7 Nbc6 12. Bf4 Bd7 13. 0-0 0-0-0 14. Bg3 Nxe5 15. Rfe1 N7c6 16. Nxc3 a6 17. Qh6 Qa5 18. Na2 f6 19. Nb4 Rdf8 20. Rab1 Qc5 21. Be2 Nf7 22. Qd2 Ng5 23. Bd3 Ne5 24. Qe2 Nc4 25. Nxa6 Qd4 26. c3 Qa7 27. Bxc4 1-0

[Event "CZE-chT 1819"]
[Site "Czech Republic"]
[Date "2019.02.09"]
[Round "7.1"]
[White "Vrbata, Zbynek"]
[Black "Obsivac, Josef"]
[Result "1/2-1/2"]
[WhiteElo "2339"]
[BlackElo "2264"]
[PlyCount "31"]
[EventDate "2018.11.03"]
[EventType "team-tourn"]
[EventRounds "11"]
[EventCountry "CZE"]
[SourceTitle "CBM 188 Extra"]
[Source "ChessBase"]
[SourceDate "2019.02.26"]
[SourceVersion "1"]
[SourceVersionDate "2019.02.26"]
[SourceQuality "1"]
[WhiteTeam "Unichess II"]
[BlackTeam "Brno Moravska Slavia"]
[WhiteTeamCountry "CZE"]
[BlackTeamCountry "CZE"]

1. d4 Nf6 2. c4 g6 3. f3 Bg7 4. e4 d6 5. Nc3 0-0 6. Be3 c5 7. Nge2 Nc6 8. d5 Ne5 9. Ng3 h5 10. Be2 h4 11. Nf1 Re8 12. Nd2 a6 13. a4 h3 14. g3 e6 15. 0-0 exd5 16. cxd5 1/2-1/2

[Event "CZE-chT 1819"]
[Site "Czech Republic"]
[Date "2018.11.04"]
[Round "2.1"]
[White "Fedorov, Alexei"]
[Black "Vrbata, Zbynek"]
[Result "1-0"]
[WhiteElo "2568"]
[BlackElo "2339"]
[PlyCount "147"]
[EventDate "2018.11.03"]
[EventType "team-tourn"]
[EventRounds "11"]
[EventCountry "CZE"]
[SourceTitle "CBM 187 Extra"]
[Source "ChessBase"]
[SourceDate "2018.11.04"]
[SourceVersion "1"]
[SourceVersionDate "2018.11.04"]
[SourceQuality "1"]
[WhiteTeam "Frydek Mistek"]
[BlackTeam "Unichess II"]
[WhiteTeamCountry "CZE"]
[BlackTeamCountry "CZE"]

1. e4 e6 2. d3 d5 3. Qe2 Nc6 4. Nf3 dxe4 5. dxe4 e5 6. c3 Nf6 7. Qc2 Bg4 8. Nbd2 Bd6 9. Be2 0-0 10. Nc4 h6 11. h3 Bh5 12. Nh4 Bxe2 13. Qxe2 b5 14. Ne3 Nxe4 15. Nhf5 Nf6 16. Ng4 Re8 17. Qxb5 Nxg4 18. hxg4 Ne7 19. Be3 Rb8 20. Qe2 Nd5 21. Kf1 Nf4 22. Qc2 Qd7 23. b3 Qc6 24. Bxf4 exf4 25. Rh3 Be7 26. Nd4 Qb6 27. Nf3 Bf6 28. Rd1 Rbd8 29. Rxd8 Rxd8 30. Rh5 Qd6 31. c4 c6 32. Kg1 Qd1+ 33. Qxd1 Rxd1+ 34. Kh2 g5 35. Rxh6 Kg7 36. Rh5 Kg6 37. g3 fxg3+ 38. Kxg3 a5 39. Kg2 Ra1 40. a4 Rb1 41. Rh3 Rb2 42. Nh2 Be5 43. Nf1 f5 44. Ne3 fxg4 45. Nxg4 Bd4 46. Rd3 c5 47. Rf3 Rb1 48. Nh2 Be5 49. Rd3 Rb2 50. Nf3 Bf4 51. Kf1 Kf6 52. Ne1 Kg6 53. Rd5 Rxb3 54. Nd3 Ra3 55. Nxc5 Rc3 56. Nd3 Rxc4 57. Rxa5 Kf6 58. Ke2 Rc2+ 59. Kf3 Bd2 60. Rd5 Ra2 61. Rd4 Bc3 62. Rc4 Bd2 63. Ke4 Ra3 64. Rc6+ Ke7 65. Ra6 Bc3 66. f3 Bd2 67. Ne5 Re3+ 68. Kd5 Kf8 69. Rf6+ Kg7 70. Rg6+ Kh7 71. Rxg5 Bc3 72. f4 Re1 73. Rg3 Bd2 74. Nf3 1-0

[Event "CZE-chT1W 1718"]
[Site "Czech Republic"]
[Date "2018.01.21"]
[Round "6.6"]
[White "Bulockin, Martin"]
[Black "Vrbata, Zbynek"]
[Result "0-1"]
[WhiteElo "2176"]
[BlackElo "2331"]
[PlyCount "60"]
[EventDate "2017.10.29"]
[EventType "team-tourn"]
[EventRounds "11"]
[EventCountry "CZE"]
[SourceTitle "EXT 2019"]
[Source "ChessBase"]
[SourceDate "2018.10.10"]
[SourceVersion "1"]
[SourceVersionDate "2018.10.10"]
[SourceQuality "1"]
[WhiteTeam "Polabiny II"]
[BlackTeam "Unichess"]
[WhiteTeamCountry "CZE"]
[BlackTeamCountry "CZE"]

1. e4 e6 2. d4 d5 3. Nd2 Nf6 4. e5 Nfd7 5. Bd3 c5 6. c3 Nc6 7. Ne2 cxd4 8. cxd4 f6 9. exf6 Nxf6 10. Nf3 Qc7 11. 0-0 Bd6 12. Bg5 0-0 13. Qc2 h6 14. Bh4 Nh5 15. Bh7+ Kh8 16. Bg6 Rxf3 17. Bxh5 Rf5 18. Bg4 Rf7 19. Bg3 Bd7 20. Qd2 Raf8 21. Bxd6 Qxd6 22. f4 Qc7 23. g3 Qb6 24. Kg2 Rf6 25. Rfd1 Be8 26. Ng1 e5 27. Ne2 Bg6 28. Bd7 exf4 29. Nxf4 Be4+ 30. Kg1 Ne5 0-1

[Event "CZE-ch blitz"]
[Site "Prague"]
[Date "2017.12.30"]
[Round "7"]
[White "Vojta, Tomas"]
[Black "Vrbata, Zbynek"]
[Result "1/2-1/2"]
[WhiteElo "2350"]
[BlackElo "2331"]
[PlyCount "63"]
[EventDate "2017.12.30"]
[EventType "swiss (blitz)"]
[EventRounds "15"]
[EventCountry "CZE"]
[SourceTitle "CBM 182 Extra"]
[Source "ChessBase"]
[SourceDate "2018.02.23"]
[SourceVersion "1"]
[SourceVersionDate "2018.02.23"]
[SourceQuality "1"]

1. e4 e6 2. d4 d5 3. e5 Qd7 4. Nc3 b6 5. Bb5 c6 6. Bd3 Ba6 7. Bxa6 Nxa6 8. Nf3 Nh6 9. 0-0 Nf5 10. Ne2 Be7 11. Ng3 Nxg3 12. hxg3 c5 13. c3 0-0 14. Qe2 Nc7 15. Bg5 h6 16. Bxe7 Qxe7 17. Rfd1 Rac8 18. a3 Rfd8 19. Rac1 Qe8 20. dxc5 bxc5 21. c4 dxc4 22. Qxc4 Rxd1+ 23. Rxd1 Nd5 24. Rc1 Rc7 25. Nd2 Qb8 26. b3 Nb6 27. Qb5 Rd7 28. Nc4 Rd5 29. a4 Nd7 30. Qxb8+ Nxb8 31. f4 Nd7 32. Rc3 1/2-1/2

[Event "CZE-chT2B 1617"]
[Site "Czech Republic"]
[Date "2017.02.12"]
[Round "8.7"]
[White "Vrbata, Zbynek"]
[Black "Ksana, Vaclav"]
[Result "1-0"]
[WhiteElo "2314"]
[BlackElo "2025"]
[PlyCount "53"]
[EventDate "2016.10.09"]
[EventType "team-tourn"]
[EventRounds "11"]
[EventCountry "CZE"]
[SourceTitle "EXT 2022"]
[Source "ChessBase"]
[SourceDate "2021.10.06"]
[SourceVersion "1"]
[SourceVersionDate "2021.10.06"]
[SourceQuality "1"]
[WhiteTeam "Bartos Unichess II"]
[BlackTeam "Most Chess"]
[WhiteTeamCountry "CZE"]
[BlackTeamCountry "CZE"]

1. d4 c5 2. d5 Nf6 3. Nc3 g6 4. e4 d6 5. Be2 Bg7 6. Nf3 0-0 7. Nd2 a6 8. a4 e6 9. Nc4 exd5 10. exd5 Nbd7 11. Nxd6 Ne5 12. Nxc8 Qxc8 13. 0-0 Qf5 14. f4 Neg4 15. h3 Nh6 16. g4 Qd7 17. Kg2 Ne8 18. Be3 Rc8 19. f5 f6 20. Ne4 Qe7 21. Qd3 Nf7 22. c4 Ned6 23. Nxd6 Nxd6 24. Bf4 g5 25. Bg3 Rfe8 26. Bf3 Bf8 27. Rfe1 1-0

[Event "CZE-ch blitz"]
[Site "Prague"]
[Date "2016.12.17"]
[Round "6"]
[White "Jirovsky, Milos"]
[Black "Vrbata, Zbynek"]
[Result "1-0"]
[WhiteElo "2441"]
[BlackElo "2309"]
[PlyCount "165"]
[EventDate "2016.12.17"]
[EventType "swiss (blitz)"]
[EventRounds "15"]
[EventCountry "CZE"]
[SourceTitle "CBM 176 Extra"]
[Source "ChessBase"]
[SourceDate "2017.03.02"]
[SourceVersion "1"]
[SourceVersionDate "2017.03.02"]
[SourceQuality "1"]

1. Nf3 Nf6 2. c4 g6 3. g3 Bg7 4. Bg2 0-0 5. 0-0 d6 6. d4 c6 7. Nc3 Qa5 8. Qd2 Qa6 9. b3 b5 10. cxb5 cxb5 11. Bb2 Bb7 12. Rac1 Nbd7 13. Rfd1 Rac8 14. e3 Qb6 15. Qe2 a6 16. Ne1 Bxg2 17. Kxg2 Rc7 18. Nd3 Rfc8 19. Qf3 e6 20. h4 h5 21. Kg1 Kh8 22. Nf4 Kg8 23. Nh3 Qb7 24. Qxb7 Rxb7 25. Nf4 Rbc7 26. Nd3 Nb8 27. Kf1 Bf8 28. Ke2 Nfd7 29. Ne4 Rxc1 30. Rxc1 Rxc1 31. Bxc1 d5 32. Nec5 Nxc5 33. dxc5 Be7 34. b4 Nc6 35. a3 e5 36. Bb2 f6 37. f4 e4 38. Ne1 Kf7 39. Nc2 Ke6 40. Kf2 g5 41. hxg5 fxg5 42. fxg5 Bxg5 43. Nd4+ Nxd4 44. Bxd4 Bd8 45. Bc3 Bc7 46. Kg2 Kf5 47. Kh3 Bb8 48. Bg7 Bc7 49. Bh6 Bb8 50. Kh4 Be5 51. c6 Ke6 52. Bf4 Bf6+ 53. Kxh5 d4 54. exd4 Bxd4 55. c7 Kd7 56. Kg4 Bb6 57. Bd2 Bxc7 58. Be3 Ke6 59. Kh3 Kf5 60. g4+ Kg6 61. Kg2 Be5 62. Bc1 Bd4 63. Kf1 Kf6 64. Ke2 Ke5 65. Bh6 Ke6 66. Bc1 Ke5 67. Ke1 Ke6 68. Kf1 Kd5 69. Ke2 Kc4 70. g5 Kb3 71. g6 Bg7 72. Ke3 Kc2 73. Bd2 Kb3 74. Kxe4 Kxa3 75. Kd5 Kb3 76. Kc6 Kc4 77. Kb6 Kd5 78. Kxa6 Kc6 79. Be3 Bf8 80. Bc5 Bg7 81. Ka7 Be5 82. Bf8 Kd5 83. g7 1-0

[Event "CZE-chT2B 1617"]
[Site "Czech Republic"]
[Date "2016.10.23"]
[Round "4.7"]
[White "Vrbata, Zbynek"]
[Black "Crha, Josef"]
[Result "1-0"]
[WhiteElo "2314"]
[BlackElo "2044"]
[PlyCount "31"]
[EventDate "2016.10.09"]
[EventType "team-tourn"]
[EventRounds "11"]
[EventCountry "CZE"]
[SourceTitle "EXT 2022"]
[Source "ChessBase"]
[SourceDate "2021.10.06"]
[SourceVersion "1"]
[SourceVersionDate "2021.10.06"]
[SourceQuality "1"]
[WhiteTeam "Bartos Unichess II"]
[BlackTeam "Mlada Boleslav"]
[WhiteTeamCountry "CZE"]
[BlackTeamCountry "CZE"]

1. d4 d5 2. c4 c6 3. Nc3 Nf6 4. Nf3 dxc4 5. a4 Bd7 6. e4 b5 7. axb5 cxb5 8. e5 b4 9. Bxc4 bxc3 10. exf6 cxb2 11. Bxf7+ Kxf7 12. Ne5+ Ke6 13. Qb3+ Kf5 14. g4+ Ke4 15. f3+ Kxd4 16. Bxb2+ 1-0

[Event "CZE-chT2 9899"]
[Site "Czech Republic"]
[Date "1999.??.??"]
[Round "?"]
[White "Vrbata, Zbynek"]
[Black "Moravec, Michal"]
[Result "0-1"]
[WhiteElo "2360"]
[BlackElo "2235"]
[PlyCount "142"]
[EventDate "1998.??.??"]
[EventType "team"]
[EventRounds "11"]
[EventCountry "CZE"]
[SourceTitle "EXT 2000"]
[Source "ChessBase"]
[SourceDate "1999.11.16"]
[SourceVersion "1"]
[SourceVersionDate "1999.11.16"]
[SourceQuality "1"]

1. d4 c5 2. d5 e5 3. e4 d6 4. Nc3 Be7 5. Be2 Nf6 6. Nf3 0-0 7. 0-0 Ne8 8. Nd2 g6 9. Nc4 Bf6 10. a4 Nd7 11. Be3 Qe7 12. Qd2 Bg7 13. Bg5 f6 14. Bh4 Rf7 15. Rae1 Qf8 16. Qd1 Bh6 17. Bg3 Qe7 18. Kh1 Nf8 19. Qd3 f5 20. exf5 gxf5 21. f4 e4 22. Qd1 Ng6 23. Bh5 Bd7 24. Be2 Bg7 25. Qd2 Rd8 26. Bf2 Bc8 27. Be3 Nf6 28. h3 Bh6 29. g3 Kh8 30. Rf2 Rg8 31. Rg1 a6 32. Rh2 Bg7 33. a5 Ne8 34. Rgg2 Nc7 35. Nb6 Bd7 36. g4 Nh4 37. Rf2 Nb5 38. Nxd7 Nxc3 39. bxc3 Qxd7 40. c4 Qa4 41. Rf1 Qa3 42. Rb1 Bc3 43. Qd1 Qxa5 44. Bf2 Ng6 45. gxf5 Rxf5 46. Rxb7 Rxf4 47. Be3 Rff8 48. Rf2 Rxf2 49. Bxf2 Qd8 50. Bg4 Qg5 51. Qe2 Qc1+ 52. Qd1 Qf4 53. Qg1 Be5 54. Be3 Qf6 55. Qg2 Bd4 56. Rb3 Rf8 57. Be2 Nf4 58. Bxf4 Qxf4 59. Rb1 Rg8 60. Qh2 Qxh2+ 61. Kxh2 Be5+ 62. Kh1 Rg3 63. Rb3 a5 64. Bf1 Rc3 65. Rb8+ Kg7 66. Ra8 Ra3 67. Kg2 Ra2 68. Kf2 Bd4+ 69. Kg3 Be5+ 70. Kg4 Ra1 71. Ra7+ Kg6 0-1

[Event "CZE-chT2 9900"]
[Site "Czech Republic"]
[Date "1999.??.??"]
[Round "?"]
[White "Vrbata, Zbynek"]
[Black "Plesek, Jiri"]
[Result "1/2-1/2"]
[WhiteElo "2330"]
[BlackElo "2185"]
[PlyCount "35"]
[EventDate "1999.??.??"]
[EventType "team"]
[EventRounds "11"]
[EventCountry "CZE"]
[SourceTitle "EXT 2001"]
[Source "ChessBase"]
[SourceDate "2000.11.22"]
[SourceVersion "1"]
[SourceVersionDate "2000.11.22"]
[SourceQuality "1"]

1. d4 f5 2. c4 Nf6 3. g3 g6 4. Bg2 Bg7 5. Nf3 0-0 6. 0-0 d6 7. Nc3 Nc6 8. d5 Ne5 9. Nxe5 dxe5 10. e4 f4 11. gxf4 Nh5 12. fxe5 Bxe5 13. Ne2 Qd6 14. f4 Nxf4 15. Nxf4 Bxf4 16. Bxf4 Rxf4 17. Rxf4 Qxf4 18. Qd4 1/2-1/2

[Event "CZE-chT2 9899"]
[Site "Czech Republic"]
[Date "1998.??.??"]
[Round "?"]
[White "Vrbata, Zbynek"]
[Black "Vacek, Radomir"]
[Result "1/2-1/2"]
[WhiteElo "2360"]
[BlackElo "2240"]
[PlyCount "21"]
[EventDate "1998.??.??"]
[EventType "team"]
[EventRounds "11"]
[EventCountry "CZE"]
[SourceTitle "EXT 2000"]
[Source "ChessBase"]
[SourceDate "1999.11.16"]
[SourceVersion "1"]
[SourceVersionDate "1999.11.16"]
[SourceQuality "1"]

1. d4 Nf6 2. c4 g6 3. Nc3 Bg7 4. e4 d6 5. Nf3 0-0 6. Be2 e5 7. d5 a5 8. Bg5 Na6 9. Nd2 h6 10. Bh4 Qe8 11. 0-0 1/2-1/2

[Event "CZE-chT2 9798"]
[Site "Czech Republic"]
[Date "1997.??.??"]
[Round "1.4"]
[White "Vrbata, Zbynek"]
[Black "Boukal, Petr"]
[Result "1-0"]
[WhiteElo "2360"]
[BlackElo "2265"]
[PlyCount "91"]
[EventDate "1997.??.??"]
[EventType "team"]
[EventRounds "11"]
[EventCountry "CZE"]
[SourceTitle "EXT 1999"]
[Source "ChessBase"]
[SourceDate "1998.11.16"]
[SourceVersion "1"]
[SourceVersionDate "1998.11.16"]
[SourceQuality "1"]

1. d4 Nf6 2. c4 g6 3. Nc3 Bg7 4. e4 d6 5. f3 0-0 6. Be3 Nc6 7. Nge2 a6 8. Rb1 a5 9. Qd2 Bd7 10. Nc1 e5 11. d5 Nd4 12. N1e2 Nxe2 13. Bxe2 b6 14. 0-0 Nh5 15. Bd1 f5 16. Ba4 Bxa4 17. Nxa4 f4 18. Bf2 Bf6 19. Qe1 Qd7 20. b3 Rae8 21. a3 Kh8 22. Nc3 Rg8 23. b4 axb4 24. axb4 g5 25. h3 Re7 26. c5 Reg7 27. Qe2 bxc5 28. bxc5 Bd8 29. Rb2 Nf6 30. cxd6 cxd6 31. Ra1 Qc8 32. Nb5 Be7 33. Rc2 Qe8 34. Nc7 Qb8 35. Ne6 Rg6 36. Rb2 Qc8 37. Qc2 Qxc2 38. Rxc2 h5 39. Ra7 Bd8 40. Rc8 g4 41. hxg4 hxg4 42. Nxd8 gxf3 43. Nf7+ Kh7 44. Nxe5+ Kh6 45. Rxg8 Rxg8 46. Nxf3 1-0

[Event "CZE-chT 9596"]
[Site "Czech Republic"]
[Date "1996.01.14"]
[Round "7"]
[White "Jirovsky, Petr"]
[Black "Vrbata, Zbynek"]
[Result "1/2-1/2"]
[WhiteElo "2295"]
[BlackElo "2350"]
[PlyCount "27"]
[EventDate "1995.10.21"]
[EventType "team-tourn"]
[EventRounds "11"]
[EventCountry "CZE"]
[SourceTitle "EXT 2019"]
[Source "ChessBase"]
[SourceDate "2018.10.10"]
[SourceVersion "1"]
[SourceVersionDate "2018.10.10"]
[SourceQuality "1"]
[WhiteTeam "Praha Mladi"]
[BlackTeam "Praha DP Tarok"]
[WhiteTeamCountry "CZE"]
[BlackTeamCountry "CZE"]

1. d4 Nf6 2. c4 g6 3. Nc3 Bg7 4. e4 d6 5. f4 0-0 6. Nf3 c5 7. d5 a6 8. a4 e6 9. Be2 Re8 10. e5 dxe5 11. fxe5 Ng4 12. Bg5 Qb6 13. 0-0 Nxe5 14. Nxe5 1/2-1/2

[Event "CZE-chT 9596"]
[Site "Czech Republic"]
[Date "1995.11.12"]
[Round "4"]
[White "Vrbata, Zbynek"]
[Black "Pekarek, Ales"]
[Result "1/2-1/2"]
[WhiteElo "2350"]
[BlackElo "2445"]
[PlyCount "83"]
[EventDate "1995.10.21"]
[EventType "team-tourn"]
[EventRounds "11"]
[EventCountry "CZE"]
[SourceTitle "EXT 2019"]
[Source "ChessBase"]
[SourceDate "2018.10.10"]
[SourceVersion "1"]
[SourceVersionDate "2018.10.10"]
[SourceQuality "1"]
[WhiteTeam "Praha DP Tarok"]
[BlackTeam "Praha Bohemians"]
[WhiteTeamCountry "CZE"]
[BlackTeamCountry "CZE"]

1. d4 Nf6 2. c4 c5 3. d5 e6 4. Nc3 exd5 5. cxd5 d6 6. e4 g6 7. f4 Bg7 8. Bb5+ Nfd7 9. a4 Qh4+ 10. g3 Qe7 11. Nf3 0-0 12. 0-0 a6 13. Bd3 b6 14. Re1 Re8 15. Qc2 Ra7 16. b3 Nf8 17. Bb2 Bg4 18. Qg2 Bxf3 19. Qxf3 Bd4+ 20. Kg2 f5 21. Nd1 Qg7 22. Bxd4 Qxd4 23. Ra2 fxe4 24. Rxe4 Rxe4 25. Qxe4 Qxe4+ 26. Bxe4 Re7 27. Bd3 Nfd7 28. Re2 Kf8 29. Rxe7 Kxe7 30. Ne3 Nf6 31. Kf3 Ne8 32. h4 Nc7 33. g4 Nd7 34. h5 gxh5 35. g5 Nf8 36. f5 b5 37. a5 Kf7 38. Kg3 Nd7 39. Kh4 Ne5 40. Be4 h6 41. gxh6 Ne8 42. h7 1/2-1/2

[Event "CZE-chT 9495"]
[Site "Czech Republic"]
[Date "1995.02.12"]
[Round "8"]
[White "Reznicek, Tomas"]
[Black "Vrbata, Zbynek"]
[Result "1/2-1/2"]
[WhiteElo "2265"]
[BlackElo "2365"]
[PlyCount "55"]
[EventDate "1994.10.15"]
[EventType "team-tourn"]
[EventRounds "9"]
[EventCountry "CZE"]
[SourceTitle "EXT 2019"]
[Source "ChessBase"]
[SourceDate "2018.10.10"]
[SourceVersion "1"]
[SourceVersionDate "2018.10.10"]
[SourceQuality "1"]
[WhiteTeam "Grygov A64 Valoz"]
[BlackTeam "Praha DP Tarok"]
[WhiteTeamCountry "CZE"]
[BlackTeamCountry "CZE"]

1. e4 e6 2. d4 d5 3. Nd2 Nf6 4. e5 Nfd7 5. Bd3 c5 6. c3 Nc6 7. Ne2 cxd4 8. cxd4 f6 9. exf6 Nxf6 10. 0-0 Bd6 11. Nf3 Qc7 12. Nc3 a6 13. Bg5 0-0 14. Rc1 Kh8 15. Re1 Ng4 16. g3 Qf7 17. Be2 Bd7 18. Be3 Nxe3 19. fxe3 e5 20. Rf1 exd4 21. exd4 Qg6 22. Nh4 Qg5 23. Bf3 Qe3+ 24. Kh1 Qxd4 25. Qxd4 Nxd4 26. Bxd5 Bc6 27. Bxc6 Nxc6 28. Kg2 1/2-1/2

[Event "CZE-chT 9495"]
[Site "Czech Republic"]
[Date "1994.10.16"]
[Round "2"]
[White "Zigo, Viktor"]
[Black "Vrbata, Zbynek"]
[Result "1-0"]
[WhiteElo "2280"]
[BlackElo "2350"]
[PlyCount "101"]
[EventDate "1994.10.15"]
[EventType "team-tourn"]
[EventRounds "9"]
[EventCountry "CZE"]
[SourceTitle "EXT 2019"]
[Source "ChessBase"]
[SourceDate "2018.10.10"]
[SourceVersion "1"]
[SourceVersionDate "2018.10.10"]
[SourceQuality "1"]
[WhiteTeam "Plzen"]
[BlackTeam "Praha DP Tarok"]
[WhiteTeamCountry "CZE"]
[BlackTeamCountry "CZE"]

1. e4 e6 2. d3 d5 3. Nd2 Nf6 4. Ngf3 Nc6 5. g3 dxe4 6. dxe4 e5 7. Bg2 Bc5 8. 0-0 0-0 9. Qe2 a5 10. h3 b6 11. Rd1 Ba6 12. c4 Qe7 13. Nf1 Rfd8 14. Bg5 h6 15. Be3 Bxe3 16. Nxe3 Qc5 17. b3 Nxe4 18. Nd5 Nxg3 19. Qb2 e4 20. Ne5 Nxe5 21. Qxe5 Ne2+ 22. Kf1 Nc3 23. Qxc3 Rxd5 24. Bxe4 Rxd1+ 25. Rxd1 Re8 26. Qf3 Bc8 27. Bd5 Qe7 28. Rd3 Be6 29. Re3 Qd7 30. Kg2 Bxd5 31. Rxe8+ Qxe8 32. Qxd5 Qe7 33. Kf1 g6 34. Qd4 Kh7 35. Qf4 Kg7 36. Qd4+ Qf6 37. Qe4 Qa1+ 38. Kg2 Qf6 39. Kf1 Qd6 40. Kg2 Kf6 41. Qf3+ Kg7 42. Qe4 h5 43. Qe3 Kf6 44. Qe8 Qe5 45. Qh8+ Kf5 46. Qc8+ Ke4 47. Qd7 f6 48. Qd1 Kf5 49. Qd7+ Kg5 50. Qd2+ Kh4 51. f4 1-0